Football les vainqueurs de la Premier League au 21ème siècle - Statistiques

Statistiques générales
  • Ce quiz a été pris 365 fois
  • Le résultat moyen est 25 sur 25
Statistiques - réponses
Année Club % Correct
2024 Manchester City
100%
2023 Manchester City
100%
2022 Manchester City
100%
2021 Manchester City
100%
2019 Manchester City
100%
2018 Manchester City
100%
2014 Manchester City
100%
2012 Manchester City
100%
2013 Manchester United
100%
2011 Manchester United
100%
2009 Manchester United
100%
2008 Manchester United
100%
2007 Manchester United
100%
2003 Manchester United
100%
2001 Manchester United
100%
2000 Manchester United
100%
2020 Liverpool
99%
2017 Chelsea
98%
2015 Chelsea
98%
2010 Chelsea
98%
2006 Chelsea
98%
2005 Chelsea
98%
2004 Arsenal
96%
2002 Arsenal
96%
2016 Leicester
92%
Aucun quiz correspondant
Distribution des résultats
% des personnes avec chaque résultat
Percentile par nombre de réponses
Votre historique - résultats
Vous n’avez pas pris ce quiz